La vida religiosa en América Latina: respuestas y compromisos
Saved in:
| Institution som forfatter: | |
|---|---|
| Format: | Bog |
| Sprog: | spansk |
| Udgivet: |
Bogotá
CLAR
1970
|
| Udgivelse: | 2a. ed |
| Serier: | Colección CLAR, 8
|
| Fag: | |
| Tags: |
Tilføj Tag
Ingen Tags, Vær først til at tagge denne postø!
|
MARC
| LEADER | 00000nam a2200000 a 4500 | ||
|---|---|---|---|
| 001 | UCL3437 | ||
| 003 | CL-VaPUC | ||
| 008 | 031128e19700000CK |||||||||||||||||spa|d | ||
| 082 | 0 | 4 | |a 248.894 |b CON |2 21 |
| 110 | 2 | |a Confederación Latinoamericana de Religiosos |e author |9 480715 | |
| 245 | 1 | 3 | |a La vida religiosa en América Latina: respuestas y compromisos |
| 250 | |a 2a. ed | ||
| 300 | |a 98 p | ||
| 942 | |c BK | ||
| 945 | |d 20031128 00:00:00 |a vberengu | ||
| 260 | |a Bogotá |b CLAR |c 1970 | ||
| 650 | 0 | |a Vocación sacerdotal |9 392453 | |
| 650 | 0 | |a Vocación religiosa |9 392452 | |
| 650 | 0 | |a Vida religiosa |9 257284 | |
| 651 | 0 | |a América Latina |9 255027 | |
| 583 | |a last modification |c 20031128 00:00:00 |k Rodrigo Vera | ||
| 490 | 0 | |a Colección CLAR, 8 | |
| 999 | |c 306475 |d 306473 | ||
| 952 | |0 0 |1 0 |4 0 |6 248_894000000000000_CON_1970 |7 0 |8 A |9 371501 |a BIBTEO |b BIBTEO |d 2019-11-21 |i 209584K |o 248.894 CON 1970 |p 209584K |r 2025-01-17 |w 2019-11-21 |y BK |k ICR | ||